000 00605nam a2200217Ia 4500
005 20221115130053.0
008 131103s9999 xx 000 0 und d
040 _aLoreto College
041 _aEnglish
082 _a821.7
_bCOL-KES
100 _aKessler,Edward
245 _aColeridge's metaphors of being
_cEdward Kessler
260 _aPrinceton
_bPrinceton University Press
_c1979
300 _axi,204 p.
440 _aPrinceton Essays In Literature
504 _aIncludes index
650 _aColeridge,Samuel Taylor,1772 - 1834
651 _aEnglish Poetry
850 _aLCLIB
942 _cBK
999 _c6038
_d56517